Zmeny v obchodnom registri

Dňa 1.2. 2004 nadobudol účinnosť zákon č 530/2003 Z.z. o obchodnom registri a zmene a doplnení niektorých zákonov. Údaje zapisované do obchodného registra. Obsah zbierky listín. Registrácia a skúmanie podmienok návrhu a listín. Ukladanie listín do zbierky listín, počet vyhotovení. Sankcie za ne...

Descrizione completa

Salvato in:
Dettagli Bibliografici
Autore principale: Vajdová, Iveta
Natura: Capitolo di libro
Lingua:slovacco
Soggetti:
Tags: Aggiungi Tag
Nessun Tag, puoi essere il primo ad aggiungerne!!

MARC

LEADER 00000naa$a2200000$$$4500
001 0007457
005 20231109111327.1
041 0 |a slo 
044 |a SK 
245 1 0 |a Zmeny v obchodnom registri  |c aut. Iveta Vajdová 
520 |a Dňa 1.2. 2004 nadobudol účinnosť zákon č 530/2003 Z.z. o obchodnom registri a zmene a doplnení niektorých zákonov. Údaje zapisované do obchodného registra. Obsah zbierky listín. Registrácia a skúmanie podmienok návrhu a listín. Ukladanie listín do zbierky listín, počet vyhotovení. Sankcie za nesplnenie povinností. Súdne poplatky vo veciach obchodného registra. 
610 2 0 |a Slovensko 
610 2 0 |a register obchodný 
610 2 0 |a zákony 
610 2 0 |a novelizácia 
610 2 0 |a úpravy právne 
610 2 0 |a dáta 
610 2 0 |a registre 
100 1 |a Vajdová, Iveta